000 04641cam a2200577Mi 4500
001 9780429053283
003 FlBoTFG
005 20250103113418.0
006 m o d
007 cr |n|||||||||
008 190803s2019 flu ob 001 0 eng d
040 _aOCoLC-P
_beng
_cOCoLC-P
020 _a9780429624940
_q(electronic bk.)
020 _a0429624948
_q(electronic bk.)
020 _a9780429053283
_q(electronic bk.)
020 _a0429053282
_q(electronic bk.)
020 _a9780429624063
_q(electronic bk. : Mobipocket)
020 _a0429624069
_q(electronic bk. : Mobipocket)
020 _a9780429624506
_q(electronic bk. : EPUB)
020 _a0429624506
_q(electronic bk. : EPUB)
020 _z9780367147556
020 _z0367147556
024 _a10.1201/9780429053283
_2doi
035 _a(OCoLC)1110708369
035 _a(OCoLC-P)1110708369
050 _aTA418.4
072 _aMAT
_x029000
_2bisacsh
072 _aSCI
_x086000
_2bisacsh
072 _aTEC
_x009000
_2bisacsh
072 _aTN
_2bicssc
082 _a620.1/126
_223
100 _aFrangopol, Dan M.,
_eauthor.
245 _aLife-cycle of structures under uncertainty
_h[electronic resource] :
_bemphasis on fatigue-sensitive civil and marine structures /
_cDan M. Frangopol (Department of Civil and Environmental Engineering, ATLSS Engineering Research Center, Lehigh University, Bethlehem, Pennsylvania, USA), Sunyong Kim (Department of Civil and Environmental Engineering, Wonkwang University, Jeonbuk, Republic of Korea).
260 _aBoca Raton, FL :
_bCRC Press,
_c2019.
300 _a1 online resource
336 _atext
_2rdacontent
336 _astill image
_2rdacontent
337 _acomputer
_2rdamedia
338 _aonline resource
_2rdacarrier
520 _aLife-cycle analysis is a systemic tool for efficient and effective service life management of deteriorating structures. In the last few decades, theoretical and practical approaches for life-cycle performance and cost analysis have been developed extensively due to increased demand on structural safety and service life extension. This book presents the state-of-the-art in life-cycle analysis and maintenance optimization for fatigue-sensitive structures. Both theoretical background and practical applications have been provided for academics, engineers and researchers. Concepts and approaches of life-cycle performance and cost analysis developed in recent decades are presented. The major topics covered include (a) probabilistic concepts of life-cycle performance and cost analysis, (b) inspection, monitoring and maintenance for fatigue cracks, (c) estimation of fatigue crack detection, (d) optimum inspection and monitoring planning, (e) multi-objective life-cycle optimization, and (f) decision making in life-cycle analysis. Life-cycle optimization covered in the book considers probability of fatigue crack detection, fatigue crack damage detection time, maintenance times, probability of failure, service life and total life-cycle cost. For the practical application and integration of recently developed approaches for inspection and maintenance planning, efficient and effective multi-objective optimization and decision making are presented. This book will help engineers engaged in civil and marine structures including students, researchers and practitioners with reliable and cost-effective maintenance planning of fatigue-sensitive structures, and to develop more advanced approaches and techniques in the field of life-cycle maintenance optimization and safety of structures under various aging and deteriorating conditions. Key Features: Provides the state-of-the-art in life-cycle cost analysis and optimization for fatigue-sensitive structures Provides a solid foundation of theoretical backgrounds and practical applications both for academics and practicing engineers and researchers Covers illustrative examples and recent development for optimum service life management Deals with various structures such as bridges and ships subjected to fatigue .
588 _aOCLC-licensed vendor bibliographic record.
650 _aMechanical wear.
650 _aMaterials
_xFatigue.
650 _aMetals
_xFatigue.
650 _aMATHEMATICS / Probability & Statistics / General
_2bisacsh
650 _aSCIENCE / Life Sciences / General
_2bisacsh
650 _aTECHNOLOGY / Engineering / General
_2bisacsh
700 _aKim, Sunyong,
_d1976-
_eauthor.
856 _3Taylor & Francis
_uhttps://www.taylorfrancis.com/books/9780429053283
856 _3OCLC metadata license agreement
_uhttp://www.oclc.org/content/dam/oclc/forms/terms/vbrl-201703.pdf
999 _c12668
_d12668